| 000 | 00402nam a22001577a 4500 | ||
|---|---|---|---|
| 003 | OSt | ||
| 008 | 210223b ||||| |||| 00| 0 eng d | ||
| 020 | _a9788193306451 | ||
| 082 |
_a658.8 _bBWM |
||
| 100 | _aBW Books | ||
| 245 | _aMarketing White Book : The Recession Proof Marketer | ||
| 260 |
_aNew Delhi _bBW Business World _c2020-21 |
||
| 300 | _a216 | ||
| 650 | _aGeneral Books | ||
| 942 |
_2ddc _cBK |
||
| 999 |
_c10499 _d10499 |
||